000 00273nam a2200097Ia 4500
008 220204s9999 xx 000 0 und d
082 _a31:633.721965-66
_bTEA
245 0 _aTea statistics 1965-66, 1966-67, 1967-68, 1970-71
260 _aCalcutta
_bTea Board
_c1966
942 _cBK
999 _c22313
_d22313